Wenn wir schon in der DDR leben müssen, dann wenigstens in Weimar
| Titel: | Wenn wir schon in der DDR leben müssen, dann wenigstens in Weimar / Hubertus Scholz |
|---|---|
| Verfasser: | |
| In: |
Schlesier in der DDR, (2009), Seite 42-47 alle Artikel anzeigen |
| Veröffentlicht: | 2009 |
| Format: | Aufsatz |
| Sprache: | Deutsch |
X
alg: 47482571 001A $03025:18-01-21 001B $01999:10-05-21 $t09:35:17.000 001D $03025:18-01-21 001U $0utf8 001X $00 002@ $0Aou 002C $aText $btxt $2rdacontent 002D $aohne Hilfsmittel zu benutzen $bn $2rdamedia 002E $aBand $bnc $2rdacarrier 003@ $047482571X 007A $047482571X $aHEB 010@ $ager 010E $erda 011@ $a2009 013D $RQuelle $RBericht $RTagebuch $#Personal narratives $#Récits personnels $#Augenzeugenbericht Formschlagwort $#Eindrücke Formschlagwort $#Erlebnisgeschichte $#Reportage Formschlagwort $#Erfahrungsbericht $#Persönlicher Bericht $74133254-4 $8Erlebnisbericht [Ts1] $9085482919 021A $aWenn wir schon in der DDR leben müssen, dann wenigstens in Weimar $hHubertus Scholz 028A $7143433970 $8Scholz, Hubertus$Z1929-2015 [Tp1] $9230831060 031A $h42-47 $j2009 039B $aEnthalten in $8--Aau--. Schlesier in der DDR. - Görlitz : Schlesisches Museum, 2009. - 135 S.. - ISBN 978-3-00-027299-8 $x200900000000000958 $9211423262 044K $#Weimar $#Weimar Thüringen $#Vejmar $#Kreis Weimar-Stadt $#Vinaria $#Vimaria $#Wimares $#Stadt Weimar $74065105-8 $8Weimar [Tg1] $9085182702 044K $RSchlesierin $#Silesians $#Silésiens $74052679-3 $8Schlesier [Ts1] $908514679X 045F $a306.0943850904 $eDDC23BSB 045F/01 $a306.09 045F/03 $f0904 045F/03 $g4385 045F/03 $g4322 045R $aGeschichte 1929-2009 lok: 47482571 78 exp: 47482571 78 1 #EPN 201B/01 $018-01-21 $t08:04:38.000 201C/01 $018-01-21 201U/01 $0utf8 203@/01 $01136918493 208@/01 $a18-01-21 $be 209A/01 $a/ $f000 $x00 209A/01 $ab*p $x01 220C/01 $apgar 244Z/01 $#Schlesien $#Schlesien $#Herzogtum Schlesien $#Herzogtum Schlesien Schlesien $#Provinz Schlesien $#Śla̜sk $#Slezsko $#Silesia $74052678-1 $8--Tg1--Schlesien $x01 $9085146781 244Z/01 $7143433970 $8--Tp1--Scholz, Hubertus$Z1929-2015 $x02 $9230831060 247C/01 $82080>Marburg/Lahn, Herder-Institut, Forschungsbibliothek, Bibliographieportal $9336309341
| LEADER | 00000caa a2200000 c 4500 | ||
|---|---|---|---|
| 001 | 47482571X | ||
| 003 | DE-603 | ||
| 005 | 20210510093517.0 | ||
| 007 | tu | ||
| 008 | 210118s2009 xx |||| | u00||u|ger c | ||
| 035 | |a (DE-599)HEB47482571X | ||
| 040 | |a DE-603 |b ger |c DE-603 |d DE-603 |e rda | ||
| 041 | |a ger | ||
| 082 | 0 | 4 | |8 1\u |a 306.0943850904 |q DE-101 |2 23/BSB |
| 085 | |8 1\u |b 306.09 | ||
| 085 | |8 1\u |z 1 |s 0904 | ||
| 085 | |8 1\u |z 2 |s 4385 | ||
| 085 | |8 1\u |z 2 |s 4322 | ||
| 100 | 1 | |a Scholz, Hubertus |d 1929-2015 |0 (DE-603)230831060 |0 (DE-588)143433970 |2 gnd | |
| 245 | 0 | 0 | |a Wenn wir schon in der DDR leben müssen, dann wenigstens in Weimar |c Hubertus Scholz |
| 264 | 0 | |c 2009 | |
| 336 | |a Text |b txt |2 rdacontent | ||
| 337 | |a ohne Hilfsmittel zu benutzen |b n |2 rdamedia | ||
| 338 | |a Band |b nc |2 rdacarrier | ||
| 648 | 7 | |a Geschichte 1929-2009 |2 gnd | |
| 650 | 7 | |a Schlesier |0 (DE-588)4052679-3 |0 (DE-603)08514679X |2 gnd | |
| 651 | 7 | |a Weimar |0 (DE-588)4065105-8 |0 (DE-603)085182702 |2 gnd | |
| 655 | 7 | |a Erlebnisbericht |2 gnd-content |0 (DE-588)4133254-4 |0 (DE-603)085482919 | |
| 773 | 0 | 8 | |i Enthalten in |t Schlesier in der DDR |d Görlitz : Schlesisches Museum, 2009 |h 135 S. |z 9783000272998 |g (2009), Seite 42-47 |w (DE-603)211423262 |
| 924 | 0 | |9 2080 |a (DE-603)1136918493 |b DE-2080 |c HES |d d |g / | |


